000 00286nam a22001337a 4500
008 170906b xxu||||| |||| 00| 0 eng d
020 _a9780471292456
041 _aeng
080 _22ND
_a72
100 _a41
101 _aARK
245 _aCOLOR DRAWING
_cDOYLE,M.E
942 _2udc
_cBK
999 _c26298
_d26298